000 00598nam a22001937a 4500
005 20170831110054.0
010 _aENG-120161
020 _c900.00
035 _aEN-103693
037 _bDBAD/PUB
082 _a230.1
100 _aSricandane, Gopinath
245 _aShadows of Gods :
_cby Gopinath Sricandane
_ban archive and its images /
260 _aPondicherry
_bInstitut Francais de Pondichery
_c2016
270 _a11, St. Louis Street
_bPondicherry
_e605001
300 _ax,83p. :
_c23cm(pbk)
_bill.
500 _aIncludes references
942 _2ddc
_cEN
_h230.1
_mSRI
999 _c143929
_d143929